00817cam a2200265 a 45000010008000000030006000080050017000140080041000310200022000720350024000940350012001180400017001300430012001470500022001590820017001812450106001982600067003043000034003715040041004056000022004466500022004686500021004907000018005117000022005297738901GBCCL20241126110409.0061115s2006 ii a b 010 0 eng d a8178210568 (pbk.) a(OCoLC)ocn682724237 a7738901 aCtY-DcCtY-D aa-ii--- 4aBV2063b.I58 2006 a266.001bINT00aIntegral mission :bthe way forward : essays in honour of Dr. Saphir P. Athyal /ceditor C.V. Mathew. aTiruvalla, Kerala, India :bChristava Sahitya Samithi,cc2006. a408 p. :bcol. ill. ;c22 cm. aIncludes bibliographical references.10aAthyal, Saphir P. 0aMissionsxTheory. 0aMissionszIndia.1 aMathew, C. V.1 aAthyal, Saphir P.